000 00986nam a2200265Ia 4500
003 OSt
005 20221005112601.0
006 a|||||r|||| 00| 0
007 ta
008 221004b |||||||| |||| 00| 0 pan d
020 _a9789383392841 (hbk)
_cINR 250.00
024 _a44751
037 _b1053, 08/02/2019, H.K. Prakashan
_cTextual
040 _aCRL
_cCRL
_bpan
041 _2pan
_apan
082 _aO153,1NBH12x, Q8
100 _aਭਾਰਗਵ, ਭੁਪਿੰਦਰ ਸਿੰਘ, ਂਚ.
245 0 _aਹੋਏ ਆਪਣੇ ਕਿੰਡ ਪਰਾਏ
260 _aਚੰਡੀਗੜ੍ਹ
_bਲੋਕਗੀਤ ਪ੍ਰਕਾFਨ ਭਾਰਤ
_c2018
300 _a104ਪ0
_ccm.
650 _a ਪੰਜਾਬੀ ਕਾਵਿ
650 _aਪੰਜਾਬੀ ਸਾਹਿਤ
942 _hO153,1NBH12x, Q8
_cTEXL
_2cc
999 _c1025334
_d1025334